000 nam a22 7a 4500
999 _c9814
_d9814
008 180208b ||||| |||| 00| 0 eng d
100 _aEliot, G
_95903
245 _aMiddlemmarch
260 _aLondon
_bWords woth Publication
_c2003